| 000 | 00000nam##2200000za#4500 |
| 001 | 9.685741 |
| 003 | CaOODSP |
| 005 | 20210615135056 |
| 007 | co ||||||||||| |
| 008 | 150407|2006||||xxc |q d f### # fre|d |
| 040 | |aCaOODSP|bfre |
| 043 | |an-cn--- |
| 086 | 1 |aSC103-24/2006-1F-MRC |
| 110 | 2 |aÉcole de la fonction publique du Canada. |
| 245 | 10|aIntroduction au français langue seconde |h[ressource électronique] |
| 260 | |aOttawa - Ontario : |bÉcole de la fonction publique du Canada |c2006. |
| 300 | |a1 disque. |
| 500 | |aCe produit est disponible auprès de Carole Boire, Directrice adjointe, Formation linguistique, École de la fonction publique, Gouvernement du Canada, courrieL: carole.boire@csps-efpc.gc.ca / Tél. 819-934-2617 Tél. cell. 613-668-7849. |
| 590 | |a15-03|b2015-01-16 |
| 590 | |a14-52-Supp|b2014-08-22 |
| 691 | 07|aFrançais langue seconde|2gcpds |
| 776 | 0#|tIntroduction au français langue seconde |w(CaOODSP)9.683270 |